000 00783nmm a2200277 a 4500
003 AR-BaBNM
005 20251128203414.0
008 017019s1984 ||||||||||||||000 | spa||
040 _cAR-BaBNM
100 1 _aLinares, Juan Francisco
245 1 0 _aLos sistemas dogmáticos en el derecho administrativo
260 _aBuenos Aires
_bFundación de Derecho Administrativo
_c1984
300 0 _a84 p.
500 0 _aIndice p. 7-8
504 _aBibliografía p. 81-84
600 1 4 _aKant, Immanuel
650 4 _aDERECHO ADMINISTRATIVO
650 4 _aHISTORIA DEL DERECHO
650 4 _aFILOSOFIA DEL DERECHO
650 4 _aSISTEMAS JURIDICOS
650 4 _aAPLICACION DE LA LEY
650 4 _aJURISPRUDENCIA
650 4 _aLEGISLACION ARGENTINA
942 _cBK
998 _cAndrea
999 _c3235
_d3235